000 00723nam a2200265Ia 4500
003 OSt
005 20221005084256.0
006 a|||||r|||| 00| 0
007 ta
008 221004b |||||||| |||| 00| 0 eng d
020 _a0691002568
024 _a26374
037 _cTextual
040 _aCRL
_cCRL
_beng
041 _2eng
_aeng
082 _aV73:19.N9, N9
100 _aGowa Joanne
245 0 _aBallots and bullets
_b The elusive democratic peace
260 _aNew Jersey
_bPrinceton university press USA
_c1999
300 _a136p
_ccm.
650 _a HISTORY
650 _aUNITED STATES - HISTORY
_931585
942 _hV73:19.N9, N9
_cTEXL
_2cc
999 _c992283
_d992283